000
00215nam a22000857a 4500
008
170619b xxu||||| |||| 00| 0 eng d
100
_9
3503
_a
Travers. P. L
245
_a
Marry popins
260
_a
U. S. A
_b
Harper Press
_c
1996
999
_c
6887
_d
6887